|
|
|
|
| LEADER |
00000nas a2200000 a 4500 |
| 001 |
ssj0001004 |
| 003 |
WaSeSS |
| 005 |
20200512172242.0 |
| 006 |
m d |
| 007 |
cr n |
| 008 |
980610c19759999nyusx pss 0 0eng c |
| 010 |
|
|
|a 2004233080
|
| 016 |
7 |
|
|a 2018681-2
|2 DE-600
|
| 016 |
7 |
|
|a 012435016
|2 Uk
|
| 022 |
|
|
|a 1573-2762
|l 0360-0025
|y 0360-0025
|
| 035 |
|
|
|a (WaSeSS)ssj0001004
|
| 040 |
|
|
|a F#A
|b eng
|c F#A
|d OCL
|d OCLCQ
|d MUQ
|d OCLCQ
|d GUA
|d OCLCQ
|d SERSO
|d OCLCQ
|d OCLCO
|d BUF
|d OCLCQ
|d OCLCF
|d OCLCO
|d OCLCQ
|d OCLCO
|d OCLCQ
|d TSC
|d Z5A
|d OCLCO
|d IAZ
|d OCLCO
|d OCLCA
|d TOF
|d AU@
|d OCLCO
|d WYU
|d UKMGB
|d AUD
|d VT2
|d U3W
|d NJT
|d OCLCO
|d OCLCA
|d WaSeSS
|
| 042 |
|
|
|a pcc
|
| 050 |
1 |
4 |
|a HQ768
|
| 060 |
0 |
0 |
|a W1
|b SE987
|
| 082 |
0 |
4 |
|a 301.41
|
| 130 |
0 |
|
|a Sex roles (Online)
|
| 210 |
1 |
|
|a Sex roles
|b (Dordr., Online)
|
| 222 |
|
0 |
|a Sex roles
|b (Dordrecht. Online)
|
| 245 |
1 |
0 |
|a Sex roles
|h [electronic resource].
|
| 260 |
|
|
|3 -Aug. 2004 :
|a [New York, N.Y.] :
|b Kluwer Academic/Plenum Publishers
|
| 260 |
3 |
|
|3 Sept. 2004- :
|a [New York] :
|b Sprigner Science+Business Media, Inc.
|
| 310 |
|
|
|a Twenty-four issues yearly
|
| 362 |
1 |
|
|a Print began with v. 1 (Mar. 1975).
|
| 500 |
|
|
|a "A journal of research."
|
| 506 |
|
|
|a License restrictions may limit access.
|
| 515 |
|
|
|a Many nos. issued in combined form.
|
| 538 |
|
|
|a Mode of access: World Wide Web.
|
| 588 |
|
|
|a Description based on: Vol. 36, issue 9/10 (May 1997); title from contents screen (publisher's Web site, viewed Feb. 17, 2004).
|
| 588 |
|
|
|a Latest issue consulted: Vol. 68, issue 5/6 (Mar. 2013) (Springer Link, viewed Feb. 26, 2013).
|
| 650 |
|
0 |
|a Socialization
|v Periodicals.
|
| 650 |
|
0 |
|a Sex role
|v Periodicals.
|
| 650 |
|
6 |
|a Socialisation
|v Périodiques.
|
| 650 |
|
6 |
|a Rôle selon le sexe
|v Périodiques.
|
| 650 |
|
7 |
|a Sex role.
|2 fast
|0 (OCoLC)fst01114598
|
| 650 |
|
7 |
|a Socialization.
|2 fast
|0 (OCoLC)fst01123768
|
| 650 |
|
2 |
|a Role.
|
| 650 |
|
2 |
|a Sex Characteristics.
|
| 655 |
|
0 |
|a Electronic journals.
|
| 776 |
0 |
8 |
|i Print version:
|t Sex roles
|x 0360-0025
|w (DLC) 75646987
|w (OCoLC)2243426
|
| 856 |
4 |
0 |
|z Full text available from Research Library: 08/01/1995 to 1 year ago
|u https://search.proquest.com/publication/48257
|